| 000 | 00803nam a22002415a 4500 | ||
|---|---|---|---|
| 003 | OSt | ||
| 005 | 20170227155933.0 | ||
| 008 | 170226s2016 ua frb 000 0 ara d | ||
| 015 | _a2015 / 22438 | ||
| 020 | _a9789770479148 | ||
| 040 |
_aEG-ScBUE _bara _cEG-ScBUE |
||
| 043 | _af-ua---- | ||
| 082 | 0 | 4 |
_a347.62 _bح ش ي _222 |
| 100 | 1 | _aحشيش، أحمد محمد أحمد. | |
| 245 | 1 | 0 |
_aنظرية القضاء الوقتي في مصر / _cأحمد محمد أحمد حشيش. |
| 260 |
_aالقاهرة : _bدار النهضة العربية، _c2016. |
||
| 300 |
_a146 ص. ؛ _c24 سم. |
||
| 504 | _aيشتمل على إرجاعات ببليوجرافية. | ||
| 650 | 7 |
_aالقضاء المستعجل _2BUEsh _zمصر. |
|
| 651 | _2BUEsh | ||
| 653 |
_bLLAAWW _cFebruary2017 |
||
| 942 | _2ddc | ||
| 999 |
_c24278 _d24250 |
||